| 000 | 00417cam a2200157ua 4500 | ||
|---|---|---|---|
| 020 | _c1.25 | ||
| 041 |
_amal _h |
||
| 082 |
_a894.812308 _bCHA/JE |
||
| 100 | _aChacko, I C . | ||
| 245 |
_aJeevitha Smaranakal / _cI C Chacko. _hTextual Documents |
||
| 260 |
_aPunnakunnathusseri : _bDeshasevini Vayanasala & Granthasala , _c1962. |
||
| 300 | _a124 ; . | ||
| 365 | _a1.25 | ||
| 942 | _cBK | ||
| 999 |
_c4238 _d4238 |
||